20 Biggest Cities without Repeated Letters - Statistics

General Stats
  • This quiz has been taken 555 times
    530 since last reset
  • The average score is 7 of 20
Answer Stats
Population World City % Correct
22.1 mil New York City
85%
11.4 mil Paris
78%
21.0 mil Cairo
58%
24.8 mil Seoul
48%
16.0 mil Istanbul
46%
19.4 mil Lagos
44%
10.1 mil Lima
43%
15.3 mil Tehran
37%
9.05 mil Wuhan
31%
8.05 mil Riyadh
29%
13.0 mil Lahore
28%
6.20 mil Milan
28%
7.90 mil Singapore
25%
6.95 mil Xi'an
25%
9.60 mil Chengdu
18%
10.0 mil Xiamen
16%
6.30 mil Khartoum
14%
6.90 mil Pune
12%
6.60 mil Surat
8%
7.65 mil Shantou
3%
No matching quizzes found
Score Distribution
Percent of People with Each Score
Percentile by Number Answered
Your Score History
You have not taken this quiz since the last reset